Agroforestry in dryland Africa : Teacher's manual
The book 'Agroforestry in Dryland Africa' (recorded here as COF/8/AFR/02) was published in 1988 and is wellknown as a useful and interesting among soil conservationists in Africa
Zapisane w:
| 1. autor: | |
|---|---|
| Format: | Książka |
| Język: | Undetermined |
| Wydane: |
Sweden
SIDA's Regional Soil Conservation Unit, RSCU
1992
|
| Hasła przedmiotowe: | |
| Etykiety: |
Dodaj etykietę
Nie ma etykietki, Dołącz pierwszą etykiete!
|
| Thư viện lưu trữ: | Trung tâm Học liệu Trường Đại học Cần Thơ |
|---|
| LEADER | 00762nam a2200217Ia 4500 | ||
|---|---|---|---|
| 001 | CTU_123038 | ||
| 008 | 210402s9999 xx 000 0 und d | ||
| 082 | |a 634.99096 | ||
| 082 | |b N576 | ||
| 100 | |a Ngumy, James G. | ||
| 245 | 0 | |a Agroforestry in dryland Africa : | |
| 245 | 0 | |b Teacher's manual | |
| 245 | 0 | |c James G. Ngumy | |
| 260 | |a Sweden | ||
| 260 | |b SIDA's Regional Soil Conservation Unit, RSCU | ||
| 260 | |c 1992 | ||
| 520 | |a The book 'Agroforestry in Dryland Africa' (recorded here as COF/8/AFR/02) was published in 1988 and is wellknown as a useful and interesting among soil conservationists in Africa | ||
| 650 | |a Agroforestry | ||
| 650 | |z Africa. | ||
| 904 | |i M.Loan , H. Mai | ||
| 980 | |a Trung tâm Học liệu Trường Đại học Cần Thơ | ||